| 000 | 00454nam a2200157Ia 4500 | ||
|---|---|---|---|
| 999 |
_c20182 _d20182 |
||
| 003 | OSt | ||
| 005 | 20200703124914.0 | ||
| 008 | 190216s9999||||xx |||||||||||||| ||und|| | ||
| 040 | _coclc | ||
| 082 |
_a940.2 _bHAY/M |
||
| 100 |
_aHayes, Carlton J H _93514 |
||
| 245 | 0 |
_aModern Europe To 1870 / _cCarlton J H Hayes |
|
| 260 |
_bSurjeet Publishing, _c1982. _aDelhi: |
||
| 300 | _a508p | ||
| 942 |
_cBK _2ddc _h940.2 _iHAY/M _k940.2 _mHAY/M |
||